Owl House Character Quiz - Statistics

General Stats
  • This quiz has been taken 33 times
  • The average score is 10 of 25
Answer Stats
Answer % Correct
Luz
100%
King
96%
Amity
93%
Willow
93%
Gus
85%
Hunter
78%
Bellos
70%
Lilith
70%
Boscha
48%
Camila
41%
Odalia
41%
The Collector
33%
Vee
33%
Principal Bump
26%
Raine Whispers
19%
Tinella Nosa
19%
Edric Blight
11%
Emira Blight
11%
Alador Blight
7%
Odalia Blight
7%
Terra Snapdragon
4%
Warden Wrath
4%
Edith
0%
Snaggleback
0%
Tarak
0%
No matching quizzes found
Score Distribution
Percent of People with Each Score
Percentile by Number Answered
Your Score History
You have not taken this quiz